000
00199 a2200085 4500
020
_a
9789383419012
100
_a
:Dev, Rishi
245
_a
Local area planning in India
260
_b
Copal Publishing
_c
2015
999
_c
13164
_d
13164